[Event "Cto Aragón Equipos Div Honor Gr II"]
[Site "Aragon"]
[Date "2014.03.01"]
[Round "6.23"]
[White "Larrosa Poves, Jose Manuel"]
[Black "Lopez Gracia, Fernando"]
[Result "0-1"]
[WhiteElo "1990"]
[BlackElo "2354"]
[PlyCount "70"]
[EventDate "2014.??.??"]
[EventCountry "ESP"]
[WhiteTeam "Agrupacion"]
[BlackTeam "St. Casablanca"]

1. d4 d5 2. c4 c6 3. Nf3 Nf6 4. e3 Bf5 5. Nc3 e6 6. Be2 Nbd7 7. O-O Bd6 8. b3
Ne4 9. Bb2 Qf6 10. Nxe4 dxe4 11. Nd2 Qh6 12. g3 Nf6 13. d5 exd5 14. Bxf6 Qxf6
15. cxd5 cxd5 16. Bb5+ Ke7 17. f3 Rhd8 18. fxe4 dxe4 19. Qe2 Qg6 20. Qf2 Be6
21. Bc4 Bb4 22. Bxe6 Qxe6 23. Nxe4 Qxe4 24. Qxf7+ Kd6 25. Rfd1+ Kc6 26. Rac1+
Kb5 27. a4+ Ka6 28. Qc7 Rac8 29. Rxd8 Qxe3+ 30. Kg2 Qe2+ 31. Kh3 Rxc7 32. Rxc7
Qf1+ 33. Kg4 h5+ 34. Kxh5 Qf5+ 35. Kh4 Qf6+ 0-1

[Event "Cto Aragón Equipos Div Honor Gr II"]
[Site "Aragon"]
[Date "2014.03.01"]
[Round "6.24"]
[White "Quintin Navarro, Alberto"]
[Black "Sanchez Moreno, Jose Carlos"]
[Result "1-0"]
[WhiteElo "2320"]
[BlackElo "1896"]
[PlyCount "73"]
[EventDate "2014.??.??"]
[EventCountry "ESP"]
[WhiteTeam "St. Casablanca"]
[BlackTeam "Agrupacion"]

1. Nf3 g6 2. d4 Nf6 3. Bg5 Bg7 4. Nbd2 O-O 5. c3 d6 6. e4 Bg4 7. h3 Bxf3 8.
Qxf3 a5 9. Bc4 c6 10. O-O Nbd7 11. Qe2 b5 12. Bd3 e5 13. a4 b4 14. Nc4 Qb8 15.
dxe5 dxe5 16. cxb4 axb4 17. Be3 Nh5 18. g3 b3 19. a5 Rd8 20. Nb6 Ra7 21. Bc4
Qd6 22. Nc8 Rxc8 23. Bxa7 Nc5 24. a6 Bf8 25. Bxc5 Qxc5 26. Kg2 Bh6 27. Rfd1 Rc7
28. Bxb3 Qa7 29. Qc4 Bf8 30. Rd8 Kg7 31. Qc3 Nf6 32. Qxe5 Bc5 33. Ra8 Qb6 34.
a7 Bd4 35. Rg8+ Kxg8 36. a8=Q+ Kg7 37. Qaa5 1-0

[Event "Cto Aragón Equipos Div Honor Gr II"]
[Site "Aragon"]
[Date "2014.03.01"]
[Round "6.25"]
[White "Salamero Pelay, Fernando"]
[Black "Lana Rodriguez, David"]
[Result "1-0"]
[WhiteElo "2149"]
[BlackElo "2309"]
[PlyCount "94"]
[EventDate "2014.??.??"]
[EventCountry "ESP"]
[WhiteTeam "Club atletismo Huesca"]
[BlackTeam "Helios"]

1. e4 e6 2. d4 d5 3. Nd2 Be7 4. Ngf3 Nf6 5. Bd3 c5 6. c3 cxd4 7. cxd4 dxe4 8.
Nxe4 Nc6 9. O-O O-O 10. Be3 Nd5 11. a3 f5 12. Nc3 b6 13. Qc2 Bb7 14. Rad1 Rc8
15. Qe2 Rf6 16. Ba6 Bxa6 17. Qxa6 Nxc3 18. bxc3 f4 19. Bc1 Rf5 20. Rfe1 Qd7 21.
Qe2 Nd8 22. c4 Qa4 23. d5 Qxc4 24. dxe6 Qxe2 25. Rxe2 Nc6 26. Rc2 Bc5 27. Rd7
Re8 28. Bb2 Re7 29. Rcd2 Kf8 30. h4 h6 31. Rxe7 Kxe7 32. Rd7+ Kxe6 33. Rxg7 Kd5
34. Kf1 a5 35. Ke2 Kc4 36. Rg6 Kb3 37. Bc1 Ne7 38. Rxh6 Nd5 39. Kd3 Rf8 40.
Nd4+ Bxd4 41. Kxd4 Rd8 42. Ke5 b5 43. Rd6 Rxd6 44. Kxd6 Kc2 45. Kxd5 Kxc1 46.
h5 b4 47. axb4 a4 1-0

[Event "Cto Aragón Equipos Div Honor Gr II"]
[Site "Aragon"]
[Date "2014.03.01"]
[Round "6.26"]
[White "Guzman Moneo, Alberto"]
[Black "Luis Vitalla, Fernando"]
[Result "1-0"]
[WhiteElo "2170"]
[BlackElo "2135"]
[PlyCount "71"]
[EventDate "2014.??.??"]
[EventCountry "ESP"]
[WhiteTeam "Helios"]
[BlackTeam "Club atletismo Huesca"]

1. e4 c5 2. Nc3 e6 3. Nf3 d6 4. d4 cxd4 5. Nxd4 Nf6 6. g4 h6 7. Rg1 Nc6 8. Be3
a6 9. Be2 Qc7 10. Qd2 Bd7 11. h4 Nxd4 12. Bxd4 Bc6 13. f3 b5 14. g5 hxg5 15.
hxg5 Nd7 16. g6 O-O-O 17. a4 Qa5 18. b4 Qxb4 19. axb5 axb5 20. Nxb5 Qxd2+ 21.
Kxd2 Ne5 22. Na7+ Kc7 23. Bc3 Ra8 24. gxf7 g5 25. Nxc6 Rxa1 26. Rxa1 Kxc6 27.
Ra8 Kd7 28. Ra7+ Kc6 29. Ba5 d5 30. Ra6+ Kd7 31. Bc3 Bg7 32. Ra7+ Kd6 33. f8=Q+
Rxf8 34. Rxg7 Nxf3+ 35. Bxf3 Rxf3 36. e5+ 1-0

[Event "Cto Aragón Equipos Div Honor Gr II"]
[Site "Aragon"]
[Date "2014.03.01"]
[Round "6.27"]
[White "Gella Lopez, Angel"]
[Black "Navarro Alonso, Jorge"]
[Result "0-1"]
[WhiteElo "2084"]
[BlackElo "2153"]
[PlyCount "104"]
[EventDate "2014.??.??"]
[EventCountry "ESP"]
[WhiteTeam "Club atletismo Huesca"]
[BlackTeam "Helios"]

1. Nf3 c5 2. c4 Nc6 3. Nc3 e5 4. e3 f5 5. d4 e4 6. d5 exf3 7. dxc6 fxg2 8.
cxd7+ Qxd7 9. Qxd7+ Bxd7 10. Bxg2 O-O-O 11. b3 Nf6 12. Bb2 Bd6 13. h3 Rhe8 14.
O-O-O Be5 15. Bd5 Nxd5 16. Nxd5 Bc6 17. Rhg1 Bxd5 18. Rxd5 Rxd5 19. cxd5 g6 20.
Re1 Bxb2+ 21. Kxb2 Re7 22. Rd1 Kd7 23. Kc3 Kd6 24. Kc4 Re4+ 25. Kd3 Kxd5 26. f4
b5 27. Ke2+ Kc6 28. Rd8 Re7 29. Rc8+ Rc7 30. Re8 c4 31. bxc4 bxc4 32. Kd2 c3+
33. Kc2 Kd6 34. Rd8+ Ke6 35. h4 Ke7 36. Rh8 Kd6 37. Rd8+ Ke7 38. Rh8 Kf6 39.
Re8 Kg7 40. e4 fxe4 41. Rxe4 Kf6 42. Rd4 h5 43. a4 Kf5 44. a5 Rc5 45. a6 Rc6
46. Ra4 Kg4 47. Rb4 Rxa6 48. Kxc3 Rf6 49. Ra4 Rxf4 50. Rxa7 Kxh4 51. Kd3 g5 52.
Ke3 Kg4 0-1

[Event "Cto Aragón Equipos Div Honor Gr II"]
[Site "Aragon"]
[Date "2014.03.01"]
[Round "6.28"]
[White "Cerrajeria Ruiz, Jesus Maria"]
[Black "Perez Puyal, Jose Joaquin"]
[Result "1-0"]
[WhiteElo "2140"]
[BlackElo "1908"]
[PlyCount "84"]
[EventDate "2014.??.??"]
[EventCountry "ESP"]
[WhiteTeam "Helios"]
[BlackTeam "Club atletismo Huesca"]

1. c4 Nf6 2. g3 c6 3. Bg2 d5 4. Nf3 g6 5. b3 Bg7 6. Bb2 O-O 7. O-O Bf5 8. d3
Qc8 9. cxd5 cxd5 10. Nbd2 Bh3 11. Rc1 Nc6 12. Ne5 Bxg2 13. Kxg2 Qe6 14. Nxc6
bxc6 15. Nf3 Rfc8 16. Rc2 c5 17. Qc1 Qb6 18. Ba3 Nd7 19. d4 Qa6 20. Bxc5 Nxc5
21. dxc5 e5 22. Rd1 Qc6 23. Qd2 d4 24. e3 Qd5 25. b4 a5 26. a3 axb4 27. axb4
Ra3 28. Rdc1 g5 29. h3 h5 30. g4 hxg4 31. hxg4 Qe4 32. Kg3 dxe3 33. Qd7 Qf4+
34. Kg2 Rca8 35. Qf5 Qxb4 36. Nxg5 Qb3 37. Rc4 Qb7+ 38. c6 Qc7 39. Rd1 Ra2 40.
Rd7 Qxc6+ 41. Rxc6 Rxf2+ 42. Qxf2 exf2 1-0

[Event "Cto Aragón Equipos Div Honor Gr II"]
[Site "Aragon"]
[Date "2014.03.01"]
[Round "6.29"]
[White "Fernandez Rubio, Rafael"]
[Black "Gavin Roche, Enrique"]
[Result "0-1"]
[WhiteElo "2021"]
[BlackElo "2243"]
[PlyCount "68"]
[EventDate "2014.??.??"]
[EventCountry "ESP"]
[WhiteTeam "Tauste"]
[BlackTeam "ONCE CA Aragon"]

1. e4 e6 2. d4 d5 3. exd5 exd5 4. g3 Nf6 5. Bg2 Bg4 6. f3 Bf5 7. Ne2 Bd6 8. O-O
O-O 9. Be3 Re8 10. Bf2 c6 11. Qd2 Qb6 12. b3 Nbd7 13. g4 Bg6 14. Bg3 Rxe2 15.
Qxe2 Bxg3 16. Qd2 Bd6 17. Nc3 Qc7 18. Bh3 Bf4 19. Qf2 Nf8 20. Ne2 Ne6 21. Ng3
c5 22. c3 cxd4 23. cxd4 Bd3 24. Rfd1 Qc3 25. Bf1 Ng5 26. Kg2 Bc2 27. Ne2 Qc7
28. Rdc1 Nxg4 29. Qh4 Bxc1 30. Rxc1 Ne3+ 31. Kf2 Nd1+ 32. Kg2 Nxf3 33. Kxf3
Be4+ 34. Kg4 Ne3+ 0-1

[Event "Cto Aragón Equipos Div Honor Gr II"]
[Site "Aragon"]
[Date "2014.03.01"]
[Round "6.30"]
[White "Laliena Solanes, Luis"]
[Black "Sierra Aguerri, Joaquin"]
[Result "1/2-1/2"]
[WhiteElo "2147"]
[BlackElo "2018"]
[PlyCount "63"]
[EventDate "2014.??.??"]
[EventCountry "ESP"]
[WhiteTeam "ONCE CA Aragon"]
[BlackTeam "Tauste"]

1. e4 d5 2. exd5 Qxd5 3. Nf3 Bg4 4. Be2 Nc6 5. d4 O-O-O 6. Be3 e5 7. c4 Qa5+ 8.
Bd2 Bb4 9. d5 Bxf3 10. Bxf3 Bxd2+ 11. Nxd2 Nd4 12. O-O Qa6 13. Qc1 Nh6 14. Re1
Rhe8 15. Qc3 Qg6 16. Rac1 Nhf5 17. Be4 Qg5 18. Bxf5+ Qxf5 19. Nb3 Qf4 20. Rcd1
Nxb3 21. axb3 Rd6 22. c5 Rh6 23. g3 Qf5 24. d6 Ree6 25. Qa5 cxd6 26. cxd6 Rxd6
27. Qc5+ Kd7 28. Qb5+ Kc7 29. Qc5+ Kd7 30. Qb5+ Kc8 31. Qc5+ Kd7 32. Qb5+
1/2-1/2

[Event "Cto Aragón Equipos Div Honor Gr II"]
[Site "Aragon"]
[Date "2014.03.01"]
[Round "6.31"]
[White "Sancho Casale, Jesus"]
[Black "Fuertes Garay, Javier"]
[Result "1/2-1/2"]
[WhiteElo "1968"]
[BlackElo "2097"]
[PlyCount "83"]
[EventDate "2014.??.??"]
[EventCountry "ESP"]
[WhiteTeam "Tauste"]
[BlackTeam "ONCE CA Aragon"]

1. e4 e5 2. Nf3 Nc6 3. d4 exd4 4. Bc4 Bc5 5. c3 Nf6 6. cxd4 Bb4+ 7. Bd2 Bxd2+
8. Nbxd2 d5 9. exd5 Nxd5 10. O-O O-O 11. Rc1 Bg4 12. h3 Bh5 13. Bxd5 Qxd5 14.
Rc5 Bxf3 15. Nxf3 Qd6 16. Qc2 Rad8 17. a3 Rd7 18. Ng5 Qg6 19. Qxg6 hxg6 20. Nf3
Re8 21. Rfc1 Re4 22. d5 Nd8 23. Rxc7 Rxd5 24. h4 f6 25. Rc8 Kf7 26. R8c7+ Re7
27. Kf1 Ne6 28. R7c4 Red7 29. g3 b6 30. Kg2 Nc5 31. R1c2 Rd1 32. Re2 a5 33. Rf4
Kg8 34. b4 axb4 35. axb4 Nd3 36. Rc4 Kf7 37. g4 b5 38. Rce4 Rb1 39. Rd2 Rd5 40.
Rd4 Rxd4 41. Nxd4 Ne1+ 42. Kg3 1/2-1/2

[Event "Cto Aragón Equipos Div Honor Gr II"]
[Site "Aragon"]
[Date "2014.03.01"]
[Round "6.32"]
[White "Cobo Garrido, Diego Israel"]
[Black "Turon Perez, David"]
[Result "1-0"]
[WhiteElo "2045"]
[BlackElo "1924"]
[PlyCount "79"]
[EventDate "2014.??.??"]
[EventCountry "ESP"]
[WhiteTeam "ONCE CA Aragon"]
[BlackTeam "Tauste"]

1. e4 c6 2. d4 d5 3. e5 c5 4. Nf3 Nc6 5. c4 cxd4 6. Nxd4 dxc4 7. Nxc6 Qxd1+ 8.
Kxd1 bxc6 9. Bxc4 Bf5 10. Nc3 e6 11. Be3 Bb4 12. Ke2 Ne7 13. Rac1 O-O 14. h3
Nd5 15. Nxd5 cxd5 16. Ba6 Ba5 17. Rc6 Rab8 18. b3 Bb6 19. Bxb6 Rxb6 20. Rhc1 h5
21. Rxb6 axb6 22. Ke3 Kh7 23. Rc8 Rxc8 24. Bxc8 Bb1 25. Ba6 Bxa2 26. Bd3+ Kh6
27. Bc2 f6 28. exf6 gxf6 29. h4 e5 30. Kd2 d4 31. Kc1 d3 32. Bd1 f5 33. g3 Kg6
34. Kb2 b5 35. Kxa2 b4 36. Kb2 e4 37. Kc1 f4 38. gxf4 Kf5 39. Kd2 Kxf4 40. Bxh5
1-0

[Event "Cto Aragón Equipos Pref Gr I"]
[Site "Aragón"]
[Date "2014.03.01"]
[Round "6.34"]
[White "Munoz Bornao, Miguel Angel"]
[Black "Garcia Gracia, Victor Hugo"]
[Result "1/2-1/2"]
[WhiteElo "1764"]
[BlackElo "1980"]
[PlyCount "55"]
[EventDate "2014.??.??"]
[EventRounds "9"]
[EventCountry "ESP"]
[WhiteTeam "Shatranj"]
[BlackTeam "Sta Isabel"]

1. e4 e6 2. Qe2 Be7 3. g3 d5 4. d3 Nf6 5. Bg2 dxe4 6. dxe4 e5 7. Nf3 Nbd7 8.
O-O c6 9. Rd1 Qc7 10. Nc3 O-O 11. h3 b6 12. Be3 a5 13. Nh4 Nc5 14. Rd2 Be6 15.
Rad1 b5 16. Nf5 Bc4 17. Qf3 b4 18. Nxe7+ Qxe7 19. Bxc5 Qxc5 20. Na4 Qa7 21. Rd6
Bb5 22. b3 Bxa4 23. bxa4 Qc5 24. Rxf6 gxf6 25. Qxf6 Rae8 26. Qg5+ Kh8 27. Qf6+
Kg8 28. Qg5+ 1/2-1/2

[Event "Cto Aragón Equipos Pref Gr I"]
[Site "Aragón"]
[Date "2014.03.01"]
[Round "6.35"]
[White "Diaz Boils, Ximo"]
[Black "Ballonga Arruebo, Alejandro"]
[Result "1-0"]
[WhiteElo "1975"]
[BlackElo "1696"]
[PlyCount "27"]
[EventDate "2014.??.??"]
[EventRounds "9"]
[EventCountry "ESP"]
[WhiteTeam "Sta Isabel"]
[BlackTeam "Shatranj"]

1. e4 e6 2. d4 d5 3. Nc3 Nf6 4. e5 Nfd7 5. f4 c5 6. Nf3 Nc6 7. Be3 Qb6 8. a3 f6
9. f5 Ndxe5 10. Nxe5 Nxe5 11. dxe5 d4 12. Bb5+ Ke7 13. Qh5 dxc3 14. Qe8# 1-0

[Event "Cto Aragón Equipos Pref Gr I"]
[Site "Aragón"]
[Date "2014.03.01"]
[Round "6.36"]
[White "Santos Hernandez, Higinio"]
[Black "Perez Boy, Pedro"]
[Result "1/2-1/2"]
[WhiteElo "1660"]
[BlackElo "1829"]
[PlyCount "68"]
[EventDate "2014.??.??"]
[EventRounds "9"]
[EventCountry "ESP"]
[WhiteTeam "Shatranj"]
[BlackTeam "Sta Isabel"]

1. d4 Nf6 2. Bg5 g6 3. Nc3 d5 4. f3 Bg7 5. Qd2 Nc6 6. O-O-O a6 7. Bh6 O-O 8. g4
e5 9. Bxg7 Kxg7 10. dxe5 Nxe5 11. h4 d4 12. h5 Bxg4 13. hxg6 Bf5 14. Qh6+ Kg8
15. gxh7+ Kh8 16. Nh3 Bg6 17. Nf4 c5 18. Nxg6+ Nxg6 19. Bh3 Qc7 20. Ne4 Nxe4
21. fxe4 Qf4+ 22. Qxf4 Nxf4 23. Bg4 Rad8 24. Rdg1 Rde8 25. Bf3 b6 26. Rh4 Ng6
27. Rhh1 Ne5 28. Bg4 f6 29. Bf5 Nf7 30. Rg2 Re7 31. Rhg1 Ng5 32. Rg3 a5 33. a4
Rff7 34. Kd2 Rg7 1/2-1/2

[Event "Cto Aragón Equipos Pref Gr I"]
[Site "Aragón"]
[Date "2014.03.01"]
[Round "6.37"]
[White "Faro Perella, Alberto"]
[Black "Donoso Sanchez, Alejandro"]
[Result "0-1"]
[WhiteElo "1938"]
[BlackElo "2212"]
[PlyCount "38"]
[EventDate "2014.??.??"]
[EventRounds "9"]
[EventCountry "ESP"]
[WhiteTeam "Binefar"]
[BlackTeam "CMU Pedro Cerbuna"]

1. d4 Nf6 2. c4 c5 3. d5 g6 4. Nc3 Bg7 5. e4 d6 6. h3 O-O 7. Be3 e6 8. Nf3 exd5
9. exd5 Na6 10. Bd3 Nb4 11. Bb1 b5 12. Nxb5 Nfxd5 13. Be4 Nxe3 14. fxe3 d5 15.
Bxd5 Nxd5 16. Qxd5 Qe7 17. Qxa8 Qxe3+ 18. Kf1 Bf5 19. Rd1 Bd3+ 0-1

[Event "Cto Aragón Equipos Pref Gr I"]
[Site "Aragón"]
[Date "2014.03.01"]
[Round "6.39"]
[White "Saura Solano, Jose Luis"]
[Black "Colom Sienes, Eduardo"]
[Result "0-1"]
[WhiteElo "1775"]
[BlackElo "2042"]
[PlyCount "50"]
[EventDate "2014.??.??"]
[EventRounds "9"]
[EventCountry "ESP"]
[WhiteTeam "Binefar"]
[BlackTeam "CMU Pedro Cerbuna"]

1. Nf3 Nf6 2. c4 g6 3. g3 Bg7 4. Bg2 O-O 5. O-O Nc6 6. d4 d5 7. Nc3 dxc4 8. d5
Nb4 9. Ne5 e6 10. dxe6 Bxe6 11. Bxb7 Rb8 12. Qxd8 Rfxd8 13. Nc6 Nxc6 14. Bxc6
Nd5 15. Nxd5 Bxd5 16. Bxd5 Rxd5 17. Rb1 c3 18. b4 c5 19. b5 c2 20. Rb3 Rbd8 21.
Rd3 Rxd3 22. exd3 Rxd3 23. Re1 Bc3 24. Re2 Rd1+ 25. Kg2 Rxc1 0-1

[Event "Cto Aragón Equipos Pref Gr I"]
[Site "Aragón"]
[Date "2014.03.01"]
[Round "6.40"]
[White "Gomez Salinas, Nestor"]
[Black "Bayona Bafaluy, Jose Maria"]
[Result "1-0"]
[WhiteElo "1932"]
[BlackElo "1759"]
[PlyCount "114"]
[EventDate "2014.??.??"]
[EventRounds "9"]
[EventCountry "ESP"]
[WhiteTeam "CMU Pedro Cerbuna"]
[BlackTeam "Binefar"]

1. e4 c5 2. Nf3 e6 3. d4 cxd4 4. Nxd4 Nf6 5. Nc3 Qb6 6. Nb3 Bb4 7. Bd2 Bxc3 8.
Bxc3 Nxe4 9. Bd4 Qc7 10. Qg4 d5 11. Qxg7 Rf8 12. f3 Nd6 13. Bd3 Nc6 14. Bc5 b6
15. Ba3 Bb7 16. Nd4 Nxd4 17. Qxd4 O-O-O 18. O-O-O Rg8 19. Rhg1 Nc4 20. Bxc4
dxc4 21. Bd6 Qc6 22. Qe5 Rd7 23. Bb4 Rd5 24. Rxd5 Qxd5 25. Qc3 Rd8 26. b3 Ba6
27. Re1 Kb7 28. Qe5 Bb5 29. Qxd5+ Rxd5 30. Re4 cxb3 31. axb3 Rg5 32. g3 Bc6 33.
Rf4 f5 34. Rh4 Rg7 35. Rh6 Bd7 36. Bc3 Rf7 37. Kd2 Kc6 38. Ke3 Kd5 39. Bb4 b5
40. Kd3 a6 41. c4+ Kc6 42. Kd4 Bc8 43. Ke5 Bd7 44. f4 Bc8 45. h3 Bd7 46. g4
fxg4 47. hxg4 Kc7 48. Ba5+ Kc8 49. c5 Kb7 50. Rf6 Rg7 51. Kd6 Bc8 52. c6+ Ka7
53. Rf8 Kb8 54. g5 Ra7 55. c7+ Kb7 56. Rf7 e5 57. fxe5 Bf5 1-0

[Event "Cto Aragón Equipos Pref Gr I"]
[Site "Aragón"]
[Date "2014.03.01"]
[Round "6.41"]
[White "Aparicio Navarro, Pedro"]
[Black "Fontana Sotomayor, Luis Javier"]
[Result "0-1"]
[WhiteElo "2169"]
[BlackElo "2323"]
[PlyCount "54"]
[EventDate "2014.??.??"]
[EventRounds "9"]
[EventCountry "ESP"]
[WhiteTeam "Helios B"]
[BlackTeam "Jaime Casas B"]

1. Nf3 d5 2. c4 c6 3. b3 Nf6 4. g3 Bg4 5. Bb2 e6 6. Bg2 Nbd7 7. O-O Bd6 8. d3
O-O 9. Nbd2 Re8 10. Qc2 e5 11. e4 dxe4 12. dxe4 a5 13. Rad1 Qb6 14. h3 Bh5 15.
g4 Bg6 16. Nh4 Bc5 17. Nf5 Rad8 18. Nf3 Bxf5 19. exf5 e4 20. Nh2 e3 21. fxe3
Rxe3 22. Kh1 Rde8 23. Nf3 Re2 24. Nd2 Qc7 25. Rf3 Rxg2 26. Kxg2 Re2+ 27. Kf1
Qh2 0-1

[Event "Cto Aragón Equipos Pref Gr I"]
[Site "Aragón"]
[Date "2014.03.01"]
[Round "6.42"]
[White "Maza Broto, Pablo"]
[Black "Anson Casaos, Alejandro"]
[Result "1-0"]
[WhiteElo "2045"]
[BlackElo "1902"]
[PlyCount "97"]
[EventDate "2014.??.??"]
[EventRounds "9"]
[EventCountry "ESP"]
[WhiteTeam "Jaime Casas B"]
[BlackTeam "Helios B"]

1. d4 Nf6 2. Nf3 e6 3. e3 c5 4. c4 d5 5. cxd5 exd5 6. Nc3 cxd4 7. Nxd4 Bc5 8.
Be2 O-O 9. O-O Nc6 10. Bf3 Ne5 11. h3 Be6 12. a3 Rc8 13. Nce2 Nxf3+ 14. Nxf3
Bf5 15. b4 Bd6 16. Bb2 Bc2 17. Qd2 Be4 18. Nfd4 Qd7 19. Rac1 Rfd8 20. Rxc8 Rxc8
21. Rc1 Bb8 22. f3 Bg6 23. Nb3 Rxc1+ 24. Nbxc1 Qd6 25. Nf4 Qe7 26. Bxf6 gxf6
27. Nxd5 Qd6 28. Ne2 Kg7 29. Qd4 Qh2+ 30. Kf2 Be5 31. Qd1 Bf5 32. Qg1 Qxg1+ 33.
Kxg1 Be6 34. Ndc3 a6 35. f4 Bd6 36. Nd4 a5 37. Ne4 Bf8 38. Nxe6+ fxe6 39. Nc5
axb4 40. axb4 Kf7 41. Nxb7 Bxb4 42. Nd8+ Kg6 43. Nxe6 Kf5 44. Nd4+ Ke4 45. g3
Bd2 46. Kg2 Bxe3 47. Ne6 Kf5 48. Kf3 Bc1 49. Nf8 1-0

[Event "Cto Aragón Equipos Pref Gr I"]
[Site "Aragón"]
[Date "2014.03.01"]
[Round "6.43"]
[White "Flores, Francisco"]
[Black "Rodriguez Leiva, Manuel"]
[Result "1/2-1/2"]
[WhiteElo "1834"]
[BlackElo "1992"]
[PlyCount "113"]
[EventDate "2014.??.??"]
[EventRounds "9"]
[EventCountry "ESP"]
[WhiteTeam "Helios B"]
[BlackTeam "Jaime Casas B"]

1. e4 e6 2. d3 d5 3. Nd2 c5 4. Ngf3 Nc6 5. g3 Nf6 6. Bg2 dxe4 7. dxe4 Be7 8.
O-O O-O 9. Re1 e5 10. Nc4 Qc7 11. c3 Bg4 12. Qc2 Rad8 13. Ne3 h6 14. Nh4 Be6
15. Nef5 Nh7 16. f4 Bxh4 17. Nxh4 f6 18. Qe2 c4 19. f5 Bf7 20. Qg4 h5 21. Qe2
Ne7 22. g4 hxg4 23. Qxg4 Nc8 24. Bh6 Be8 25. Bf1 Kh8 26. Be3 Rf7 27. Rad1 Rfd7
28. Rxd7 Rxd7 29. Ng6+ Kg8 30. Bc1 Ne7 31. h4 Nxg6 32. fxg6 Nf8 33. h5 b5 34.
a4 a6 35. axb5 axb5 36. Rd1 Rxd1 37. Qxd1 Qd7 38. Qf3 Qd6 39. Bh3 Bd7 40. Bf1
Be6 41. Be3 Qd7 42. h6 Nxg6 43. Qh5 Nf8 44. Kh1 Bg4 45. Qh4 Bf3+ 46. Kh2 Qg4
47. Qxg4 Bxg4 48. Kg3 Bh5 49. Bh3 Bg6 50. Kf3 Bf7 51. Bc8 g5 52. Bc5 Be6 53.
Bxf8 Bxc8 54. Be7 Kh7 55. Bxf6 Kxh6 56. Bxe5 Kg6 57. Bd4 1/2-1/2

[Event "Cto Aragón Equipos Pref Gr I"]
[Site "Aragón"]
[Date "2014.03.01"]
[Round "6.44"]
[White "Buil Rello, Jose Antonio"]
[Black "Moreno Antonio, Mario"]
[Result "1/2-1/2"]
[WhiteElo "1907"]
[BlackElo "1805"]
[PlyCount "45"]
[EventDate "2014.??.??"]
[EventRounds "9"]
[EventCountry "ESP"]
[WhiteTeam "Jaime Casas B"]
[BlackTeam "Helios B"]

1. e4 e6 2. c3 d5 3. e5 c5 4. d3 Nc6 5. f4 b5 6. Nf3 d4 7. g3 Bb7 8. Bg2 Qd7 9.
O-O h5 10. h3 Nge7 11. Qe2 Na5 12. Rd1 Nf5 13. Kh2 Be7 14. Na3 a6 15. Nc2 Nc6
16. Bd2 g6 17. Be1 Rd8 18. Bf2 Qc7 19. Rac1 dxc3 20. bxc3 Qb8 21. Rb1 Qc7 22.
Rbc1 Qb8 23. Rb1 1/2-1/2

[Event "Cto Aragón Equipos Pref Gr I"]
[Site "Aragón"]
[Date "2014.03.01"]
[Round "6.45"]
[White "Soriano Ascaso, Ignacio"]
[Black "Mimbela Lopez, Luis"]
[Result "1-0"]
[WhiteElo "2134"]
[BlackElo "2084"]
[PlyCount "49"]
[EventDate "2014.??.??"]
[EventRounds "9"]
[EventCountry "ESP"]
[WhiteTeam "Sabiñanigo"]
[BlackTeam "Agrupacion B"]

1. e4 c6 2. Nf3 d5 3. exd5 cxd5 4. Ne5 Nf6 5. d4 e6 6. Nd2 Be7 7. Bd3 Nc6 8. c3
Bd7 9. O-O a6 10. a4 Qc7 11. f4 h5 12. Qe2 Na5 13. Ndf3 Ng4 14. f5 Bf6 15. Nxf7
Kxf7 16. fxe6+ Kg8 17. exd7 Qxd7 18. Bf4 Re8 19. Qc2 Nc4 20. Rfe1 Re7 21. Rxe7
Bxe7 22. Bf5 Nge3 23. Bxd7 Nxc2 24. Rc1 N2e3 25. Re1 1-0

[Event "Cto Aragón Equipos Pref Gr I"]
[Site "Aragón"]
[Date "2014.03.01"]
[Round "6.46"]
[White "Navarro Sancho, Rafael"]
[Black "Climente Martinez, Jose Luis"]
[Result "1-0"]
[WhiteElo "1757"]
[BlackElo "1888"]
[PlyCount "58"]
[EventDate "2014.??.??"]
[EventRounds "9"]
[EventCountry "ESP"]
[WhiteTeam "Agrupacion B"]
[BlackTeam "Sabiñanigo"]

1. e4 c6 2. d4 d5 3. e5 Bf5 4. Nf3 e6 5. Be2 c5 6. Be3 Qb6 7. Nc3 Nc6 8. O-O
Qxb2 9. Nb5 Rc8 10. dxc5 a6 11. Nd6+ Bxd6 12. exd6 Qxc2 13. Nd4 Qxd1 14. Rfxd1
Nxd4 15. Bxd4 Nf6 16. h3 O-O 17. g4 Bc2 18. Rdc1 Ba4 19. Rab1 Bc6 20. Bd3 Nd7
21. f4 f6 22. Bf2 e5 23. Bf5 exf4 24. Bxd7 Bxd7 25. Rxb7 Rf7 26. Rb6 Rc6 27.
Rcb1 Rc8 28. Rxa6 h5 29. gxh5 Kh7 {ILEGIBLE} 1-0

[Event "Cto Aragón Equipos Pref Gr I"]
[Site "Aragón"]
[Date "2014.03.01"]
[Round "6.49"]
[White "Cebrian Valverde, Jose Antonio"]
[Black "Felez Casedas, Carlos"]
[Result "0-1"]
[WhiteElo "2141"]
[BlackElo "2019"]
[PlyCount "80"]
[EventDate "2014.??.??"]
[EventRounds "9"]
[EventCountry "ESP"]
[WhiteTeam "San Jose"]
[BlackTeam "L´Aurora Estadilla B"]

1. d4 Nf6 2. Nf3 e6 3. g3 d5 4. Bg2 Be7 5. O-O O-O 6. c4 c6 7. Nbd2 Nbd7 8. Qc2
b6 9. e4 Bb7 10. Rd1 a5 11. e5 Ne8 12. Nf1 dxc4 13. Qxc4 Nc7 14. h4 Nd5 15. Bg5
c5 16. Bxe7 Qxe7 17. Ng5 h6 18. Ne4 Ba6 19. Qa4 cxd4 20. Qxd4 Rfd8 21. Rac1
Rac8 22. Rxc8 Rxc8 23. Nd6 Rc5 24. f4 g5 25. hxg5 hxg5 26. Ne3 Nxe3 27. Qxe3
gxf4 28. gxf4 Nf8 29. Ne4 Rc2 30. Nf6+ Kg7 31. Qg3+ Ng6 32. Qh3 Nf8 33. Be4
Qc5+ 34. Kh1 Rc1 35. Qg4+ Ng6 36. Bxg6 fxg6 37. Rxc1 Qxc1+ 38. Kh2 Qxb2+ 39.
Kh3 Bf1+ 40. Kh4 Qh2+ 0-1

[Event "Cto Aragón Equipos Pref Gr I"]
[Site "Aragón"]
[Date "2014.03.01"]
[Round "6.50"]
[White "Pellicer Cerezuela, Miguel"]
[Black "Gimeno Oteo, Marco Antonio"]
[Result "0-1"]
[WhiteElo "1927"]
[BlackElo "2121"]
[PlyCount "120"]
[EventDate "2014.??.??"]
[EventRounds "9"]
[EventCountry "ESP"]
[WhiteTeam "L´Aurora Estadilla B"]
[BlackTeam "San Jose"]

1. d4 Nf6 2. Bg5 g6 3. c4 Bg7 4. Nc3 c6 5. e4 d6 6. Be2 Nbd7 7. Qd2 O-O 8. f3
e5 9. d5 c5 10. g4 h6 11. Be3 a6 12. Nh3 h5 13. Nf2 b5 14. cxb5 axb5 15. Nxb5
Qb6 16. O-O hxg4 17. fxg4 Ra4 18. Nc3 Rb4 19. Rab1 Ba6 20. Bxa6 Qxa6 21. Bh6
Rfb8 22. Bxg7 Kxg7 23. g5 Nh5 24. Ng4 Rd4 25. Qe3 Rd3 26. Qe2 c4 27. Nh6 Nf4
28. Qg4 Qa7+ 29. Kh1 Nc5 30. Rxf4 exf4 31. Qxf4 Qe7 32. Rf1 Rf8 33. Qf6+ Qxf6
34. Rxf6 Nb7 35. Kg2 Rd2+ 36. Rf2 Rxf2+ 37. Kxf2 f6 38. Ke3 fxg5 39. Ng4 Rh8
40. Nd1 Rh3+ 41. Kd2 Nc5 42. Ndf2 Rf3 43. Ke2 Rf4 44. Ke3 Kf8 45. e5 Ke7 46. e6
Na4 47. b3 cxb3 48. axb3 Nb6 49. h3 Nxd5+ 50. Kd3 Kxe6 51. Ne4 Rf5 52. Ngf2
Nf4+ 53. Ke3 Rb5 54. Nxg5+ Rxg5 55. Kxf4 Rf5+ 56. Ke3 Rb5 57. Nd3 Rxb3 58. Ke4
Rxd3 59. Kxd3 Kd5 60. h4 Ke5 0-1

[Event "Cto Aragón Equipos Pref Gr I"]
[Site "Aragón"]
[Date "2014.03.01"]
[Round "6.51"]
[White "Gutierrez Mingueza, Ruben"]
[Black "Puertolas Serena, Arturo"]
[Result "1/2-1/2"]
[WhiteElo "2081"]
[BlackElo "1917"]
[PlyCount "44"]
[EventDate "2014.??.??"]
[EventRounds "9"]
[EventCountry "ESP"]
[WhiteTeam "San Jose"]
[BlackTeam "L´Aurora Estadilla B"]

1. Nf3 d5 2. d4 c6 3. c4 Nf6 4. Nc3 e6 5. e3 Nbd7 6. Qc2 Be7 7. Bd3 dxc4 8.
Bxc4 b5 9. Be2 a6 10. O-O c5 11. dxc5 Nxc5 12. b4 Ncd7 13. a3 Bb7 14. Bb2 Rc8
15. Qb3 O-O 16. Rfd1 Qb6 17. Rd2 Rfd8 18. Rad1 Nd5 19. Nb1 N7f6 20. Bd4 Qc7 21.
Be5 Qb6 22. Bd4 Qc7 1/2-1/2